| 000 | 00604nam a2200229Ia 4500 | ||
|---|---|---|---|
| 003 | OSt | ||
| 005 | 20220928150133.0 | ||
| 006 | a|||||r|||| 00| 0 | ||
| 007 | ta | ||
| 008 | 220927b |||||||| |||| 00| 0 eng d | ||
| 024 | _a88399 | ||
| 037 | _cTextual | ||
| 040 |
_aSDCL _cSDCL _beng |
||
| 041 |
_2eng _aeng |
||
| 082 | _aB43, L2.1-L2.4 | ||
| 100 |
_aReed Michael _9463366 |
||
| 245 | 0 | _aMethods of modern mathematical physics.4V. | |
| 260 | _c1972 | ||
| 700 |
_a Simon Barry _9448930 |
||
| 942 |
_hB43, L2.1-L2.4 _cTEXL _2CC |
||
| 999 |
_c840290 _d840290 |
||